Komunikasi pejabat / (Record no. 3502)
[ view plain ]
| 000 -LEADER | |
|---|---|
| fixed length control field | nam a22 a 4500 |
| 003 - CONTROL NUMBER IDENTIFIER | |
| control field | AKMAL |
| 005 - DATE AND TIME OF LATEST TRANSACTION | |
| control field | 20170523095554.0 |
| 008 - FIXED-LENGTH DATA ELEMENTS--GENERAL INFORMATION | |
| fixed length control field | 170523s2005 my a e | 001 0 may d |
| 020 ## - INTERNATIONAL STANDARD BOOK NUMBER | |
| International Standard Book Number | 9676116564 (kkt.) : |
| Terms of availability | RM21.00 |
| 040 ## - CATALOGING SOURCE | |
| Original cataloging agency | AKMAL |
| 082 04 - DEWEY DECIMAL CLASSIFICATION NUMBER | |
| Classification number | 658.45 SUL |
| Edition number | 22 |
| 090 00 - LOCALLY ASSIGNED LC-TYPE CALL NUMBER (OCLC); LOCAL CALL NUMBER (RLIN) | |
| Classification number (OCLC) (R) ; Classification number, CALL (RLIN) (NR) | 658.45 |
| Local cutter number (OCLC) ; Book number/undivided call number, CALL (RLIN) | SUL |
| 100 0# - MAIN ENTRY--PERSONAL NAME | |
| Personal name | Sulaiman Masri, |
| Dates associated with a name | 1949- |
| 9 (RLIN) | 7004 |
| 245 10 - TITLE STATEMENT | |
| Title | Komunikasi pejabat / |
| Statement of responsibility, etc. | Sulaiman Masri, Ahmad Khair Mohd Nor |
| 260 ## - PUBLICATION, DISTRIBUTION, ETC. | |
| Place of publication, distribution, etc. | Kuala Lumpur : |
| Name of publisher, distributor, etc. | Utusan Publications & Distributors, |
| Date of publication, distribution, etc. | 2005 |
| 300 ## - PHYSICAL DESCRIPTION | |
| Extent | xviii, 170ms. : |
| Other physical details | il. ; |
| Dimensions | 25cm. |
| 500 ## - GENERAL NOTE | |
| General note | Mengandungi indeks |
| 504 ## - BIBLIOGRAPHY, ETC. NOTE | |
| Bibliography, etc. note | Bibliografi : ms.158-159 |
| 650 10 - SUBJECT ADDED ENTRY--TOPICAL TERM | |
| Topical term or geographic name entry element | Business communication |
| 9 (RLIN) | 1235 |
| 650 20 - SUBJECT ADDED ENTRY--TOPICAL TERM | |
| Topical term or geographic name entry element | Interpesonal communication |
| 9 (RLIN) | 7005 |
| 650 20 - SUBJECT ADDED ENTRY--TOPICAL TERM | |
| Topical term or geographic name entry element | Communication in management |
| 9 (RLIN) | 2708 |
| 700 0# - ADDED ENTRY--PERSONAL NAME | |
| Personal name | Ahmad Khair Mohd Nor |
| 9 (RLIN) | 7006 |
| 942 ## - ADDED ENTRY ELEMENTS (KOHA) | |
| Source of classification or shelving scheme | |
| Koha item type | Book |
| Withdrawn status | Lost status | Source of classification or shelving scheme | Damaged status | Not for loan | Collection code | Home library | Current library | Shelving location | Date acquired | Inventory number | Total Checkouts | Full call number | Barcode | Date last seen | Price effective from | Koha item type |
|---|---|---|---|---|---|---|---|---|---|---|---|---|---|---|---|---|
| NON-FICTION | AKMAL Melaka | AKMAL Melaka | PINJAMAN | 23.05.2017 | 602363 | 658.45 SUL | 201704533 | 23.05.2017 | 23.05.2017 | Book |
